000 00631nam a2200181Ia 4500
005 20250423100423.0
008 250422s9999 xx 000 0 und d
020 _a978002123x
050 _aDT 30.5 .O74/
100 _aEdited by Akinterinwa, Bola A.
245 0 _aOrganisation of African unity/African Union at 50 (Vol. 1): challenges and prospects of self-reliance in Africa
260 _aLagos
260 _bNigerian Institute of International Affairs
260 _c2013
300 _a732 p
650 _a Organization of African Unity. African Union. Pan-Africanism. African cooperation.
942 _cBK
999 _c33250
_d33250